Fiscal federalism 2014 making decentralisation work
Na minha lista:
| Outros Autores: | |
|---|---|
| Formato: | Livro |
| Idioma: | inglês |
| Publicado em: |
Paris
OECD
2013
|
| Assuntos: | |
| Tags: |
Sem tags, seja o primeiro a adicionar uma tag!
|
MARC
| LEADER | 00000nam a2200000 4500 | ||
|---|---|---|---|
| 001 | 0186808 | ||
| 005 | 20240315120632.6 | ||
| 020 | |a 978-92-64-20456-0 | ||
| 041 | 0 | |a eng | |
| 044 | |a FR | ||
| 245 | 1 | 0 | |a Fiscal federalism 2014 |b making decentralisation work |c edited by Hansjörg Blöchliger |
| 264 | 1 | |a Paris |b OECD |c 2013 | |
| 300 | |a 133 s. | ||
| 610 | 2 | 0 | |a politika fiškálna |
| 610 | 2 | 0 | |a konsolidácia |
| 610 | 2 | 0 | |a decentralizácia fiškálna |
| 610 | 2 | 0 | |a dane |
| 610 | 2 | 0 | |a financie verejné |
| 700 | 1 | |a Blöchliger, Hansjörg | |